000
00315nam a22001337a 4500
008
250519b |||||||| |||| 00| 0 eng d
020
_a
0333962990
050
_a
HD30
_b
.N49
100
_a
NEWELL, Sue
245
_a
Managing Knowledge Work
260
_a
New York
_b
Palgrave
_c
2002
300
_a
xvi, 207p.
942
_c
BK
999
_c
3545
_d
3545